| 000 | 00483cam a22001457a 4500 | ||
|---|---|---|---|
| 008 | 180718b1981 xxu||||| |||| 00| 0 eng d | ||
| 020 | _a0 233 97328 1 | ||
| 082 | _aT47x42 Ir8 | ||
| 100 | _aIrving, Joe | ||
| 245 |
_aCity at work : a guide to the institutions that make up the city of London and their roles _cby Joe Irving |
||
| 260 |
_aLondon _bAndre Deutsch _c1981 |
||
| 300 | _a188p | ||
| 650 | _aFinancial institutions --England --London. | ||
| 650 | _aFinance --England --London | ||
| 999 |
_c411860 _d411860 |
||